Posse e aė̳s possessr̤ias

Detalles Bibliográficos
Autor principal: de Moraes Mello, Cleyson
Formato: eBook
Lenguaje:portugués
Publicado: Rio de Janeiro: Editora Processo, 2021
Materias:
Acceso en línea:Acceso restringido

MARC

LEADER 00000nam a22000007a 4500
005 20220817022159.0
007 cr|||| ||||
008 220817s2021 br |||||s|||| 00||0 por d
020 |a 978658935139-9 
035 |a 36844 
040 |a vLex 
090 |c 13722  |d 13722 
100 1 |a de Moraes Mello, Cleyson 
245 1 0 |a Posse e aė̳s possessr̤ias  |h [Recurso electrn̤ico] /  |c Cleyson de Moraes Mello 
256 |a Servicio en ln̕ea 
260 |a Rio de Janeiro:  |b Editora Processo,  |c 2021 
300 |a 1 recurso electrn̤ico 
500 |a Esta obra oferece uma clara e panorḿica visô do instituto jurd̕ico da posse e das aė̳s possessr̤ias. A posse ̌apresentada desde sua concepȯ̂ cls̀sica (Savigny, Jhering, Saleilles, Kohler) at ̌uma visô mais ampla do instituto, de sua utilidade social e de sua autonomia, incluindo uma farta anl̀ise jurisprudencial (STF e STJ) de seus principais desdobramentos. O autor apresenta uma personals̕sima anl̀ise do mais refinado pensamento deste instituto jurd̕ico, abordando temas como: natureza jurd̕ica da posse, classificaȯ̂ da posse, esbulho e turbaȯ̂, interditos possessr̤ios e demais efeitos da posse, dentre outros temas relevantes inerentes ao direito material e processual. A obra possibilita, portanto, o conhecimento do enfoque acadm̊ico e profissional relativamente ̉teoria e prt̀ica da Posse e Aė̳s Possessr̤ias, primando pela qualidade dos conceitos e categorias jurd̕icas. 
506 1 |a Disponible solo en los productos indicados  |d vLex Global  |d vLex Global (Academic Edition, excluding Law Schools)  |d vLex Global (U.S. Academic Edition, Law Schools)  |d vLex Global (U.S. Academic Edition, excluding Law Schools)  |d vLex Global (Academic Edition, Law Schools) 
650 0 4 |a Derecho Civil  |z Brasil 
650 0 4 |a Derechos Reales  |z Brasil 
740 0 |a vLex Libros (Servicio en ln̕ea) 
856 4 0 |u https://app.vlex.com/#/sources/36844  |z Acceso restringido 
942 |c BOOK 
999 0 |a Civil Law 
999 0 |a Real Rights